The association between the board composition and the choice of external auditor : evidence from companies listed in the finance sector of Bursa Malaysia /
Saved in:
| Main Author: | |
|---|---|
| Format: | Thesis |
| Language: | English |
| Published: |
Gombak, Selangor :
International Islamic University Malaysia,
2005
|
| Subjects: | |
| Tags: |
Add Tag
No Tags, Be the first to tag this record!
|
| LEADER | 024370000a22004330004500 | ||
|---|---|---|---|
| 001 | 326299 | ||
| 005 | 20230406112201.0 | ||
| 008 | 051017s2005 my g 000 0 eng d | ||
| 035 | |a (Sirsi) 326299 | ||
| 040 | |a UIAM |b eng | ||
| 041 | 0 | |a eng | |
| 043 | |a a-my--- | ||
| 050 | 0 | 0 | |a HD2745 |
| 100 | 0 | |a Ahmad Zamri bin Osman @ Hussin | |
| 245 | 1 | 4 | |a The association between the board composition and the choice of external auditor : |b evidence from companies listed in the finance sector of Bursa Malaysia / |c by Ahmad Zamri bin Osman @ Hussin |
| 260 | |a Gombak, Selangor : |b International Islamic University Malaysia, |c 2005 | ||
| 300 | |a xi, 136 leaves ; |c 30 cm. | ||
| 336 | |2 rdacontent | ||
| 337 | |2 rdamedia | ||
| 338 | |2 rdacarrier | ||
| 500 | |a "A thesis submitted in partial fulfillment of the requirements for the degree of master in Science Accounting" --On t.p. | ||
| 500 | |a Abstract in English and Arabic. | ||
| 502 | |a Thesis (MSACC) -- International Islamic University Malaysia, 2005 | ||
| 504 | |a Includes bibliographical references (leaves 119-129) | ||
| 530 | |a Also available on 3 1/2 in. magnetic disk - converted into 4 3/4 in. disc. | ||
| 650 | 0 | |a Boards of directors |z Malaysia | |
| 650 | 0 | |a Auditors |z Malaysia | |
| 655 | 0 | 7 | |a Theses, IIUM local |
| 690 | 0 | |a Dissertations, Academic |x Kuliyyah of Economics and Management Sciences |z IIUM | |
| 710 | 2 | |a International Islamic University Malaysia. |b Kulliyyah of Economics and Management Sciences | |
| 710 | 2 | |a International Islamic University Malaysia. |b Department of Accounting | |
| 730 | 4 | |a The association between the board composition and the choice of external auditor : evidence from companies listed in the finance sector of Bursa Malaysia (Computer file). | |
| 900 | |a nmz-hj-fs-ajt | ||
| 942 | |2 lcc |n 0 | ||
| 999 | |c 435489 |d 464738 | ||
| 952 | |0 0 |6 T HD2745A286A 2005 |7 0 |8 THESES |9 753968 |a IIUM |b IIUM |c MULTIMEDIA |g 0.00 |o t HD2745A286A 2005 |p 00000937232 |r 2017-10-19 |t 2 |v 0.00 |y THESIS | ||
| 952 | |0 0 |6 LU T HD2745A286A 2005 |7 0 |8 THESES |9 756631 |a IIUM |b IIUM |c CLOSEACCES |g 0.00 |o lu t HD2745A286A 2005 |p 00011279467 |r 2017-11-01 |t 1 |v 0.00 |y THESIS | ||
| 952 | |0 0 |6 LU T HD2745A286A 2005 |7 0 |8 THESES |9 756632 |a IIUM |b IIUM |c CLOSEACCES |g 0.00 |o lu t HD2745A286A 2005 |p 00000937233 |r 2017-11-01 |t 2 |v 0.00 |y THESIS | ||
| 952 | |0 0 |6 TS CDF HD2745A286A 2005 |7 0 |8 THESES |9 820573 |a IIUM |b IIUM |c MULTIMEDIA |g 0.00 |o ts cdf HD2745A286A 2005 |p 00000994210 |r 2017-10-26 |t 1 |v 0.00 |y THESISDIG | ||
